000 00884cam a22002533a 4500
001 16261
003 PGUSA
005 20140828083340.0
008 050711s2005||||xxu|||||s|||||000 1 eng d
040 _aPGUSA
_beng
042 _adc
050 4 _aPS
100 1 _aHearn, Lafcadio,
_d1850-1904
245 1 0 _aSome Chinese Ghosts
_h[electronic resource] /
_cLafcadio Hearn
260 _bProject Gutenberg,
_c2005
505 0 _aThe soul of the great bell -- The story of Ming-Y -- The legend of Tchi-Niu -- The return of Yen-Tchin-King -- The tradition of the tea-plant -- The tale of the porcelain-god -- Notes.
506 _aPublic domain in the USA.
516 _aElectronic text
653 _aLegends -- China
653 _aChina -- Social life and customs -- Fiction
830 0 _aProject Gutenberg
_v16261
856 4 0 _uhttp://www.gutenberg.org/ebooks/16261
942 _cEB
999 _c245516
_d245516